Multikultúrna abeceda HR manažéra

Pokračovanie článku z predchádzajúceho čísla. Práca HR manažéra v nadnárodnej firme. Kultúra a hodnoty spoločnosti, ktoré kladú dôraz na istoty a tradíciu.

Enregistré dans:
Détails bibliographiques
Auteur principal: Gáboríková, Eva
Format: Chapitre de livre
Langue:slovaque
Sujets:
Tags: Ajouter un tag
Pas de tags, Soyez le premier à ajouter un tag!

MARC

LEADER 00000naa a2200000 4500
001 0200372
005 20230912114609.3
041 0 |a slo 
044 |a SK 
245 1 0 |a Multikultúrna abeceda HR manažéra  |c Eva Gáboríková 
520 |a Pokračovanie článku z predchádzajúceho čísla. Práca HR manažéra v nadnárodnej firme. Kultúra a hodnoty spoločnosti, ktoré kladú dôraz na istoty a tradíciu. 
610 2 0 |a manažment 
610 2 0 |a manažéri 
610 2 0 |a komunikácia multikultúrna 
610 2 0 |a zdroje ľudské 
610 2 0 |a riadenie 
610 2 0 |a vedenie 
610 2 0 |a kultúra 
610 2 0 |a hodnota 
100 1 |a Gáboríková, Eva